Most Populous Countries In 2050 - Statistics

General Stats
  • This quiz has been taken 37 times
    18 since last reset
  • The average score is 17 of 20
Answer Stats
Population Country % Correct
1,402 mil China
100%
1,639 mil India
100%
401 mil Nigeria
100%
379 mil United States
100%
330 mil Indonesia
94%
228 mil Brazil
88%
159 mil Egypt
88%
205 mil Ethiopia
88%
338 mil Pakistan
88%
135 mil Russia
88%
192 mil Bangladesh
81%
103 mil Iran
81%
97 mil Turkey
81%
109 mil Vietnam
81%
155 mil Mexico
75%
105 mil Japan
69%
91 mil Kenya
69%
129 mil Tanzania
69%
194 mil D.R. Congo
63%
144 mil Philippines
63%
No matching quizzes found
Score Distribution
Percent of People with Each Score
Percentile by Number Answered
Your Score History
You have not taken this quiz since the last reset